Normal view MARC view
  • ABBAS , ABUL K. AND LICHTMAN, ANDREW H AND PILLAI SHIV

Entry Personal Name

Number of records used in: 1

001 - CONTROL NUMBER

  • control field: 8672

003 - CONTROL NUMBER IDENTIFIER

  • control field: JRU

005 - DATE AND TIME OF LATEST TRANSACTION

  • control field: 20250909151656.0

008 - FIXED-LENGTH DATA ELEMENTS

  • fixed length control field: 250909|| aca||aabn | a|a d

040 ## - CATALOGING SOURCE

  • Original cataloging agency: JRU
  • Transcribing agency: JRU

100 ## - HEADING--PERSONAL NAME

  • Personal name: ABBAS , ABUL K. AND LICHTMAN, ANDREW H AND PILLAI SHIV

670 ## - SOURCE DATA FOUND

  • Source citation: Work cat.: (JRU)8801: ABBAS , ABUL K. AND LICHTMAN, ANDREW H AND PILLAI SHIV , BASIC IMMUNOLOGY: FUNCTION AND DISORDERS OF THE IMMUNE SYSTEM [7TH ED.], 2024